| 000 | 01358nam a2200289Ia 4500 | ||
|---|---|---|---|
| 999 |
_c56335 _d56335 |
||
| 001 | 23448 | ||
| 003 | GE_BSU | ||
| 005 | 20260120205650.0 | ||
| 008 | 181216s1988||||ge |||||||||||||| ||geo|| | ||
| 020 | _a5511001228 | ||
| 040 | _cGE_BSU | ||
| 041 | _ageo | ||
| 080 | _a821.353.1-311.6 + 94(479.22)"1570-1629 ს-26 | ||
| 100 |
_aსანიკიძე, ლ. _9476 |
||
| 245 |
_aგიორგი სააკაძე : ჰეპტალოგიიდან-"შვიდი გიორგი / _cლ. სანიკიძე ; რედ. : რ. მეტრეველი ; მხატვ. : ო. ვარვარიძე. |
||
| 264 |
_aთბილისი : _bთბილ. უნ-ტის გამ-ბა, _c198. |
||
| 300 |
_a254 გვ. ; _c 21 სმ. |
||
| 504 | _aბიბლიოგრ.: გვ. 239-240 | ||
| 504 | _aსახელთა საძიებელი: გვ. 241-249 | ||
| 541 | _h6 ლ. | ||
| 653 | _aგიორგი სააკაძე : ჰეპტალოგიიდან-"შვიდი გიორგი | ||
| 653 | _aისტორია | ||
| 653 | _aსააკაძე, გიორგი | ||
| 700 |
_aმეტრეველი, რ. _eრედაქტორი _926709 |
||
| 700 |
_aვარვარიძე, ო. _eმხატვარი _926710 |
||
| 942 |
_cBK _2udc |
||